Normal view
MARC view
Entry Geographic Name
001 - CONTROL NUMBER
- control field: 3463
003 - CONTROL NUMBER IDENTIFIER
- control field: ARRUPE
005 - DATE AND TIME OF LATEST TRANSACTION
- control field: 20131107124944.0
008 - FIXED-LENGTH DATA ELEMENTS
- fixed length control field: 131107|| aca||aabn | a|a d
040 ## - CATALOGING SOURCE
- Original cataloging agency: ARRUPE
- Transcribing agency: ARRUPE
151 ## - HEADING--GEOGRAPHIC NAME
- Geographic name: Africa
- General subdivision: Civilization.
670 ## - SOURCE DATA FOUND
- Source citation: Work cat.: (ARRUPE)0: Apter, Andrew H. (Andrew Herman) 3454, Beyond words :, 2007.